Statistics for Nationality of International Space Station Visitors

Click here to take the quiz!

General Stats

  • This quiz has been taken 12 times
  • The average score is 16 of 20

Answer Stats

# of VisitorsCountry% Correct
1 personBrazil
100%
9 peopleCanada
100%
4 peopleFrance
100%
5 peopleItaly
100%
11 peopleJapan
100%
57 peopleRussia
100%
1 personUnited Kingdom
100%
162 peopleUnited States of America
100%
1 personBelgium
91%
4 peopleGermany
91%
1 personSouth Korea
91%
1 personSpain
91%
1 personSweden
91%
1 personDenmark
82%
1 personNetherlands
82%
1 personSouth Africa
82%
1 personIsrael
55%
2 peopleUnited Arab Emirates
27%
1 personKazakhstan
18%
1 personMalaysia
18%

Score Distribution

Percentile by Number Answered

Percent of People with Each Score

Your Score History

You have not taken this quiz